| 000 | 00581nam a2200133Ia 4500 | ||
|---|---|---|---|
| 008 | 220620s9999||||xx |||||||||||||| ||und|| | ||
| 100 | _aKirchhelle, Claas | ||
| 245 | 0 |
_aPyrrhic Progress _bThe History of Antibiotics in Anglo-American Food Production |
|
| 546 | _aEnglish[eng] | ||
| 650 | _aAnti Bacterial Agents||Antibiotic||food production||United States||United Kingdom||history||legislation drug||Drug resistance||microbial | ||
| 700 | _aGolden, Janet||Apple, Rina D. | ||
| 856 | _uhttps://library.oapen.org/bitstream/20.500.12657/22408/1/Bookshelf_NBK554200.pdf | ||
| 942 | _cEB | ||
| 999 |
_c24648 _d24648 |
||